| 000 | 01150nam a2200253Ia 4500 | ||
|---|---|---|---|
| 001 | 267 | ||
| 003 | GE_BSU | ||
| 008 | 181216s||||||||xx |||||||||||||| ||und|| | ||
| 020 | _a9994043781 | ||
| 040 | _cGE_BSU | ||
| 080 | _a913(479.22) | ||
| 100 | _aბერუჩაშვილი, ნიკო; დავითაშვილი, ზურაბ; ელიზბარაშვილი, ნოდარ | ||
| 245 | _aსაქართველოს გეოგრაფია. წ. 1 | ||
| 245 | _bსოციალურ-ეკონომიკური გეოგრაფია. რეგიონები. IX კლასის სახელმძღვანელო | ||
| 245 | _cღუდუშაური მანონ | ||
| 260 | _aთბილისი | ||
| 260 | _bსაქართველოს მაცნე | ||
| 260 | _c2005 | ||
| 300 | _a143 გვ. | ||
| 541 | _h10 ლ. | ||
| 653 | _aსაქართველოს გეოგრაფია | ||
| 653 | _aსაქართველოს ცოციალურ-ეკონომიკური გეოგრაფია | ||
| 942 | _cBK | ||
| 999 |
_c34517 _d34517 |
||